Score 0/24 Timer 04:00
0 Plays Today
% Correct
Superman
99.8%
Hulk
99.3%
Catwoman
97.6%
Flash
97.6%
Spider-Man
95.8%
Joker
94.1%
Green Lantern
92.8%
Wonder Woman
92.3%
Batman
91.9%
Iron Man
91.8%
Deadpool
91%
Captain America
90.2%
% Correct
Thor
88.1%
Aquaman
86.6%
Thing
85%
Loki
81.8%
Robin
81.8%
Green Goblin
81.4%
Wolverine
80.9%
Ghost Rider
77.1%
Punisher
75.7%
Doctor Doom
63.2%
Gambit
48.7%
Hawkman
46.6%
Remove Ads.
Support Sporcle.
Get the best of Sporcle when you Go Orange. This ad-free experience offers more features, more stats, and more fun while also helping to support Sporcle. Thank you for becoming a member.

You're not logged in!

Compare scores with friends on all Sporcle quizzes.
OR
Log In

Sporcle TV

Today on Sporcle TV


Watch our educational content, quiz creation guides, and fun videos on Sporcle TV.

Show Comments

Extras

Top Quizzes Today


Score Distribution

Paid Content

Your Account Isn't Verified!

In order to create a playlist on Sporcle, you need to verify the email address you used during registration. Go to your Sporcle Settings to finish the process.

Report this User

Report this user for behavior that violates our Community Guidelines.

Details: